000 00615nam a2200229Ia 4500
003 OSt
005 20221007072151.0
006 a|||||r|||| 00| 0
007 ta
008 221006b |||||||| |||| 00| 0 eng d
024 _a17,425
037 _cTextual
040 _aFLL
_cFLL
_beng
041 _2eng
_aeng
082 _aY:1:6.3.N7, K6
100 _aRunciman W.G.
245 0 _aRelative deprivation and social justice
260 _aLondon
_bRoutledge & Kegan Paul England
_c1966
300 _a338p
_ccm.
942 _hY:1:6.3.N7, K6
_cTEXL
_2CC
999 _c1145356
_d1145356